<?xml version="1.0" encoding="UTF-8"?><?xml-stylesheet type="text/xsl" href="static/style.xsl"?><OAI-PMH xmlns="http://www.openarchives.org/OAI/2.0/" xmlns:xsi="http://www.w3.org/2001/XMLSchema-instance" xsi:schemaLocation="http://www.openarchives.org/OAI/2.0/ http://www.openarchives.org/OAI/2.0/OAI-PMH.xsd"><responseDate>2026-06-06T19:03:04Z</responseDate><request verb="GetRecord" identifier="oai:riuma.uma.es:10630/31325" metadataPrefix="marc">https://riuma.uma.es/rest/oai/request</request><GetRecord><record><header><identifier>oai:riuma.uma.es:10630/31325</identifier><datestamp>2026-02-03T11:12:43Z</datestamp><setSpec>com_10630_2254</setSpec><setSpec>col_10630_37953</setSpec></header><metadata><record xmlns="http://www.loc.gov/MARC21/slim" xmlns:dcterms="http://purl.org/dc/terms/" xmlns:doc="http://www.lyncode.com/xoai" xmlns:xsi="http://www.w3.org/2001/XMLSchema-instance" xsi:schemaLocation="http://www.loc.gov/MARC21/slim http://www.loc.gov/standards/marcxml/schema/MARC21slim.xsd">
   <leader>00925njm 22002777a 4500</leader>
   <datafield ind2=" " ind1=" " tag="042">
      <subfield code="a">dc</subfield>
   </datafield>
   <datafield ind2=" " ind1=" " tag="720">
      <subfield code="a">García-Pardo, Francisca</subfield>
      <subfield code="e">author</subfield>
   </datafield>
   <datafield ind2=" " ind1=" " tag="720">
      <subfield code="a">Pérez-Moreno, Salvador Jesús</subfield>
      <subfield code="e">author</subfield>
   </datafield>
   <datafield ind2=" " ind1=" " tag="720">
      <subfield code="a">Bárcena-Martín, Elena María</subfield>
      <subfield code="e">author</subfield>
   </datafield>
   <datafield ind2=" " ind1=" " tag="260">
      <subfield code="c">2023</subfield>
   </datafield>
   <datafield ind2=" " ind1=" " tag="520">
      <subfield code="a">‘Leaving no one behind’ (LNOB) constitutes one of the core principles underpinning the&#xd;
2030 Agenda for Sustainable Development. We propose a complementary fuzzy logic&#xd;
approach to identify countries left behind in human development and each of its&#xd;
dimensions. We find that the countries left furthest behind at the beginning of the century&#xd;
were those that most reduced gaps with respect to better performing countries after two&#xd;
decades. Nevertheless, we cannot clearly speak of convergence in human development.&#xd;
There are notable exceptions, such as the Central African Republic, Liberia, Yemen, Haiti&#xd;
or Venezuela, which despite the improvement in their Human Development Index&#xd;
worryingly increased their gaps in human development dimensions relative to the rest of&#xd;
the world. Our analysis highlights significant advantages of using the proposed fuzzybased LNOB approach to incorporate the moral imperative of leaving no country behind&#xd;
in the measurement of human development.</subfield>
   </datafield>
   <datafield ind1="8" ind2=" " tag="024">
      <subfield code="a">García-Pardo, F., Pérez-Moreno, S., &amp; Bárcena-Martín, E. (2023). Leaving no Country Behind: A Fuzzy Approach for Human Development. Journal of Human Development and Capabilities, 24(1), 1–23. https://doi.org/10.1080/19452829.2022.2104824</subfield>
   </datafield>
   <datafield ind1="8" ind2=" " tag="024">
      <subfield code="a">https://hdl.handle.net/10630/31325</subfield>
   </datafield>
   <datafield ind1="8" ind2=" " tag="024">
      <subfield code="a">10.1080/19452829.2022.2104824</subfield>
   </datafield>
   <datafield tag="653" ind2=" " ind1=" ">
      <subfield code="a">Conjuntos difusos</subfield>
   </datafield>
   <datafield tag="653" ind2=" " ind1=" ">
      <subfield code="a">Desarrollo económico y social</subfield>
   </datafield>
   <datafield ind2="0" ind1="0" tag="245">
      <subfield code="a">Leaving no country behind: a fuzzy approach for human development.</subfield>
   </datafield>
</record>
</metadata></record></GetRecord></OAI-PMH>